| 000 | 00869cab a2200277 4500 | ||
|---|---|---|---|
| 001 | ABS58545 | ||
| 008 | 090401t1998 xxu||||| |||| 00| 0 eng d | ||
| 035 | _a(Sirsi) u85463 | ||
| 041 | _aeng | ||
| 245 | _aCloser money rates impact on property | ||
| 260 | _c1998 | ||
| 350 | _a0 | ||
| 490 |
_aEuroProperty _vMarch 1998, 26(1) |
||
| 520 | _aArticle on pan-European property investment, looking at property yields and the influence from the introduction of a single currency and European Monetary Union. | ||
| 650 | _aEMU | ||
| 650 | _aEUROPE | ||
| 650 | _aEUROPEAN MONETARY UNION | ||
| 650 | _aINVESTMENT MARKET | ||
| 650 | _aPROPERTY INVESTMENT | ||
| 650 | _aRATES | ||
| 650 | _aYIELDS | ||
| 690 | _aPROPERTY-COMMERCIAL PROPERTY-COMMERCIAL PROPERTY FINANCE AND INVESTMENT | ||
| 690 | _aFINANCE AND INVESTMENT | ||
| 942 | _n0 | ||
| 948 | _c07/04/1998 | ||
| 999 |
_c53736 _d53736 |
||